Quick Pick: Janis Joplin Songs Quiz Stats

 Plays Quiz Updated Nov 3, 2017

Challenge
Share
Tweet
Embed
Score 0/15 Timer 01:30
1 Play Today
% Correct
Bobby
97%
Benz
92%
Chain
90.7%
Can
89.1%
Try
85.3%
Cry
83.8%
Piece
83.5%
Good
80.3%
% Correct
Drinkin'
80.2%
Move
79.3%
Half
78.1%
Blues
77.4%
Lord
68.2%
Tell
54.8%
Down
52.6%

Today's Daily Dose

Word Ladder
Bruno Mars Song

Get the Picture
Japanese Cars

You're not logged in!

Compare scores with friends on all Sporcle quizzes.
OR
Log In

You Might Also Like...

Show Comments

Extras

Top Quizzes Today


Score Distribution

Your Account Isn't Verified!

In order to create a playlist on Sporcle, you need to verify the email address you used during registration. Go to your Sporcle Settings to finish the process.

Report this User

Report this user for behavior that violates our Community Guidelines.

Details: